<?xml version="1.0" encoding="UTF-8"?>
<collection xmlns:xsi="http://www.w3.org/2001/XMLSchema-instance" xsi:schemaLocation="http://www.loc.gov/MARC21/slim http://www.loc.gov/standards/marcxml/schema/MARC21slim.xsd" xmlns="http://www.loc.gov/MARC21/slim">
 <record>
  <leader>00000nam a2200000 i 4500</leader>
  <controlfield tag="001">UP-1685954869149666202</controlfield>
  <controlfield tag="003">Buklod</controlfield>
  <controlfield tag="005">20240306150237.0</controlfield>
  <controlfield tag="006">m     |  | |      </controlfield>
  <controlfield tag="007">ta</controlfield>
  <controlfield tag="008">240306s2022    mau   a r   b 001 0 eng d</controlfield>
  <datafield tag="020" ind1=" " ind2=" ">
   <subfield code="a">9781284225976 (paperback)</subfield>
  </datafield>
  <datafield tag="035" ind1=" " ind2=" ">
   <subfield code="a">22039381</subfield>
  </datafield>
  <datafield tag="037" ind1=" " ind2=" ">
   <subfield code="a">BC-74598</subfield>
   <subfield code="b">SERV Enterprises</subfield>
   <subfield code="c">PhP 8,636.00</subfield>
   <subfield code="n">Prof. Deign Frolley Soriano</subfield>
  </datafield>
  <datafield tag="040" ind1=" " ind2=" ">
   <subfield code="a">DLC</subfield>
   <subfield code="d">BAG</subfield>
   <subfield code="e">rda</subfield>
  </datafield>
  <datafield tag="041" ind1="0" ind2=" ">
   <subfield code="a">eng</subfield>
  </datafield>
  <datafield tag="090" ind1=" " ind2="0">
   <subfield code="a">QH 323.5</subfield>
   <subfield code="b">M47 2022</subfield>
  </datafield>
  <datafield tag="100" ind1="1" ind2=" ">
   <subfield code="a">Merrill, Ray M.</subfield>
   <subfield code="e">author.</subfield>
  </datafield>
  <datafield tag="245" ind1="1" ind2="0">
   <subfield code="a">Principles and applications of biostatistics</subfield>
   <subfield code="c">Ray M. Merrill. </subfield>
  </datafield>
  <datafield tag="264" ind1=" " ind2="1">
   <subfield code="a">Burlington, MA</subfield>
   <subfield code="b">Jones &amp; Bartlett Learning</subfield>
   <subfield code="c">[2022]</subfield>
  </datafield>
  <datafield tag="300" ind1=" " ind2=" ">
   <subfield code="a">xvii, 365 pages</subfield>
   <subfield code="b">illustrations</subfield>
   <subfield code="c">28 cm</subfield>
  </datafield>
  <datafield tag="336" ind1=" " ind2=" ">
   <subfield code="a">text</subfield>
   <subfield code="2">rdacontent</subfield>
  </datafield>
  <datafield tag="337" ind1=" " ind2=" ">
   <subfield code="a">unmediated</subfield>
   <subfield code="2">rdamedia</subfield>
  </datafield>
  <datafield tag="338" ind1=" " ind2=" ">
   <subfield code="a">volume</subfield>
   <subfield code="2">rdacarrier</subfield>
  </datafield>
  <datafield tag="504" ind1=" " ind2=" ">
   <subfield code="a">Includes bibliographical references and index.</subfield>
  </datafield>
  <datafield tag="520" ind1=" " ind2=" ">
   <subfield code="a">&quot;Principles and Applications of Biostatistics covers the primary concepts and methods that are required for a fundamental understanding of the use and interpretation of statistics for the biological and health sciences-from data presentation to multiple regression and analysis of variance. With a focus clarity, brevity, and accuracy, this text provides understandable and focused explanation of statistical principles and applications along with practical examples and problems drawn from biological health and medical settings. Key Features: Practical questions follow each problem to encourage students to consider why the problem likely exists, help formulate hypotheses, and then statistically assess those hypotheses.  Abundant assignment problems at the end of sections and each chapter cover a variety of application areas of biostatistics. Rationale boxes offer explanations of why certain methods are used for specific cases.  Well-designed, attractive graphics that help make statistics easier to comprehend are used to present concepts, functions, and data. Applied focus encourages students to use computer applications (SPSS, R, or MS Excel) to demonstrate data analysis. Data analysis systems are used to obtain descriptive measures and basic plots (e.g. stem-and-leaf and box plots) for the purposes of exploratory data analysis-P-values in hypothesis testing and confidence intervals in descriptive and analytic assessment are discussed and included on many of the computer printouts&quot;--Provided by publisher.</subfield>
  </datafield>
  <datafield tag="520" ind1=" " ind2=" ">
   <subfield code="a">&quot;This introductory book in Biostatistics is for students in the areas of biology, health, and medicine. It is intended for a one-semester course. It presents principles and practices of biostatistics in the context of substantive, interesting, and up-to-date applications&quot;--Provided by publisher.</subfield>
  </datafield>
  <datafield tag="650" ind1=" " ind2="0">
   <subfield code="a">Biometry.</subfield>
  </datafield>
  <datafield tag="905" ind1=" " ind2=" ">
   <subfield code="a">FO</subfield>
  </datafield>
  <datafield tag="852" ind1="0" ind2=" ">
   <subfield code="a">UPBAG</subfield>
   <subfield code="b">UPBAG-MAIN</subfield>
   <subfield code="h">QH 323.5</subfield>
   <subfield code="i">M47 2022</subfield>
  </datafield>
  <datafield tag="942" ind1=" " ind2=" ">
   <subfield code="a">Book</subfield>
  </datafield>
 </record>
</collection>
